Britains biggest towns Quiz Stats

Quiz not verified by Sporcle

Also try: Future EU Members
Challenge
Share
Tweet
Embed
Score 0/20 Timer 10:00
0 Plays Today
Answer % Correct
Reading
76.2%
Ipswich
73.8%
Milton Keynes
71.4%
Luton
69%
Northampton
69%
Blackpool
66.7%
Huddersfield
66.7%
Bournemouth
66.7%
Swindon
64.3%
Bolton
61.9%
Answer % Correct
Middlesbrough
59.5%
Southend-on-sea
47.6%
Stockport
42.9%
Poole
42.9%
Dudley
40.5%
Telford
38.1%
Walsall
38.1%
West Bromwich
26.2%
Maidstone
26.2%
Basildon
19%

You're not logged in!

Compare scores with friends on all Sporcle quizzes.
Sign Up with Email
OR
Log In

You Might Also Like...

Show Comments

Extras

Top Quizzes Today


Score Distribution

Your Account Isn't Verified!

In order to create a playlist on Sporcle, you need to verify the email address you used during registration. Go to your Sporcle Settings to finish the process.

Report this User

Report this user for behavior that violates our Community Guidelines.

Details: